[Event "Hoogeveen Open"]
[Site "Hoogeveen, Netherlands"]
[Date "2016.10.17"]
[Round "3.27"]
[White "Henseler, Jorgen"]
[Black "Otte, Marijn"]
[Result "0-1"]
[WhiteElo "2053"]
[BlackElo "2213"]
[PlyCount "70"]
[EventDate "2016.??.??"]

1. e4 c5 2. Nf3 d6 3. d4 cxd4 4. Nxd4 Nf6 5. Nc3 a6 6. Be3 e6 7. g4 h6 8. f3 b5
9. Qd2 Nbd7 10. O-O-O Bb7 11. h4 d5 12. exd5 Nxd5 13. Nxd5 Bxd5 14. Kb1 Ne5 15.
Be2 Qc7 16. Rhe1 O-O-O 17. a4 Nc4 18. Bxc4 Qxc4 19. b3 Qb4 20. axb5 Qxd2 21.
Rxd2 axb5 22. Nxb5 Be7 23. Bb6 Rd7 24. c4 Bb4 25. Ra2 Bxe1 26. cxd5 Kb7 27.
Ra7+ Kxb6 28. Rxd7 Kxb5 29. dxe6 fxe6 30. Rxg7 Bxh4 31. f4 Kc5 32. Rg6 Kd5 33.
Kc2 Ke4 34. Rxe6+ Kxf4 35. Rg6 Bg5 0-1

[Event "Hoogeveen Open"]
[Site "Hoogeveen, Netherlands"]
[Date "2016.10.17"]
[Round "3.28"]
[White "Keetman, Maaike"]
[Black "Van der Veen, Jan"]
[Result "1/2-1/2"]
[WhiteElo "2174"]
[BlackElo "2059"]
[PlyCount "92"]
[EventDate "2016.??.??"]

1. e4 e5 2. Nf3 Nc6 3. Bb5 Nf6 4. d3 d6 5. O-O Be7 6. c3 O-O 7. Re1 a6 8. Ba4
b5 9. Bc2 Re8 10. Nbd2 Bf8 11. Nf1 h6 12. h3 d5 13. exd5 Qxd5 14. Ng3 Bb7 15.
Qe2 Qd7 16. Nh4 g6 17. Nf3 Rad8 18. Be3 Qc8 19. a4 Nd4 20. cxd4 exd4 21. Nxd4
Rxd4 22. Bxd4 Rxe2 23. Rxe2 Qd8 24. Bc3 Nd5 25. Bd2 Bg7 26. axb5 axb5 27. Rae1
Qd7 28. Bb3 Qc6 29. Ne4 Kh7 30. Rc1 Qb6 31. Nc3 Nb4 32. Bxf7 Nxd3 33. Rf1 Ne5
34. Bb3 Qc6 35. Bd5 Qa6 36. Bf4 Nd3 37. Bxb7 Qxb7 38. Bg3 c5 39. Rd1 c4 40. Re6
Qf7 41. Rc6 Nxb2 42. Rc7 Qxc7 43. Bxc7 Nxd1 44. Nxd1 b4 45. Kf1 b3 46. Ba5 b2
1/2-1/2

[Event "Hoogeveen Open"]
[Site "Hoogeveen, Netherlands"]
[Date "2016.10.17"]
[Round "3.29"]
[White "Van Dael, Siem"]
[Black "Roebers, Jan"]
[Result "0-1"]
[WhiteElo "1995"]
[BlackElo "2151"]
[PlyCount "62"]
[EventDate "2016.??.??"]

1. e4 d6 2. d4 Nf6 3. Nc3 e5 4. Nf3 Nbd7 5. Bc4 Be7 6. O-O O-O 7. a4 c6 8. a5
Nxe4 9. Nxe4 d5 10. Nxe5 Nxe5 11. dxe5 dxc4 12. Qe2 Qd4 13. Bd2 Qxe5 14. Bc3
Qe6 15. Rfe1 Qg6 16. Nd2 Re8 17. Nxc4 Be6 18. Ne5 Qg5 19. Ra4 Bd6 20. h4 Qe7
21. a6 f6 22. Nf3 bxa6 23. Re4 Be5 24. Bxe5 Bd5 25. Re3 Bxf3 26. Qxf3 fxe5 27.
Qxc6 Rac8 28. Qxa6 Qf6 29. Rxe5 Qxa6 30. Rxe8+ Rxe8 31. Rxe8+ Kf7 0-1

[Event "Hoogeveen Open"]
[Site "Hoogeveen, Netherlands"]
[Date "2016.10.17"]
[Round "3.30"]
[White "Sparenberg, Erik"]
[Black "Eck, Mathias"]
[Result "1-0"]
[WhiteElo "2140"]
[BlackElo "2082"]
[PlyCount "103"]
[EventDate "2016.??.??"]

1. e4 e5 2. Nf3 Nc6 3. Bb5 a6 4. Ba4 Nf6 5. O-O Be7 6. Re1 b5 7. Bb3 d6 8. c3
O-O 9. d4 Bg4 10. Be3 exd4 11. cxd4 d5 12. e5 Ne4 13. a3 Na5 14. Bc2 Nc4 15.
Bc1 f5 16. Qd3 Bxf3 17. gxf3 Bh4 18. Rf1 Nxf2 19. Rxf2 Bxf2+ 20. Kxf2 Qh4+ 21.
Kg2 f4 22. Nc3 Rae8 23. Nxd5 Re6 24. Qe2 c5 25. b3 Ne3+ 26. Nxe3 fxe3 27. Bxe3
cxd4 28. Qf2 Qxf2+ 29. Bxf2 Rxe5 $11 30. Be4 Rg5+ 31. Kf1 Rh5 32. h4 Rc8 33.
Rd1 Rc3 34. Rxd4 Rxb3 35. a4 Kf8 36. Rd8+ Ke7 37. Rg8 Kf7 38. Ra8 bxa4 39. Ra7+
Ke6 40. Rxa6+ Kd7 41. Rxa4 g6 42. Kg2 Rb2 43. Kg3 g5 44. Kg4 Rh6 45. Ra7+ Ke8
46. hxg5 Rh2 47. Bg3 h5+ 48. Kf4 Rh3 49. Be1 Rh1 50. Bc3 Rh4+ 51. Kf5 Rb5+ 52.
Be5 1-0

[Event "Hoogeveen Open"]
[Site "Hoogeveen, Netherlands"]
[Date "2016.10.17"]
[Round "3.31"]
[White "Bos, Robin"]
[Black "Mijnheer, Peter"]
[Result "0-1"]
[WhiteElo "2025"]
[BlackElo "2137"]
[PlyCount "84"]
[EventDate "2016.??.??"]

1. e4 d6 2. d4 Nf6 3. Nc3 g6 4. f3 a6 5. Be3 b5 6. Qd2 Nbd7 7. g4 Nb6 8. h4 h5
9. g5 Nfd7 10. b3 Bb7 11. Bd3 e6 12. f4 b4 13. Nce2 d5 14. e5 c5 15. Ng3 Qc7
16. Nh3 Rc8 17. O-O cxd4 18. Bxd4 Bc5 19. Bxc5 Qxc5+ 20. Kh2 Qc3 21. Qe2 Nc5
22. f5 gxf5 23. Bxf5 Ne4 24. Bxe4 dxe4 25. Nxe4 Qxe5+ 26. Ng3 Qxe2+ 27. Nxe2
Rxc2 28. Rf2 Nd5 29. Kg3 Ne3 30. Nd4 Rc3 31. Ne2 Nf5+ 32. Kh2 Rc2 33. Ng3 Rxf2+
34. Nxf2 Nxh4 35. Nfe4 Nf3+ 36. Kh3 h4 37. Nd6+ Ke7 38. Nxb7 hxg3+ 39. Kxg3
Nxg5 40. Rc1 Ne4+ 41. Kf3 Nc3 42. a3 Nd5 0-1

[Event "Hoogeveen Open"]
[Site "Hoogeveen, Netherlands"]
[Date "2016.10.17"]
[Round "3.32"]
[White "Vogel, Jaap"]
[Black "Wedda, Dries"]
[Result "1-0"]
[WhiteElo "2134"]
[BlackElo "1994"]
[PlyCount "59"]
[EventDate "2016.??.??"]

1. d4 d5 2. Nf3 Nf6 3. c4 c6 4. e3 Bg4 5. Nbd2 e6 6. Bd3 Nbd7 7. O-O Bd6 8. Qc2
O-O 9. c5 Bc7 10. b4 e5 11. dxe5 Nxe5 12. Nxe5 Bxe5 13. Bb2 Qc7 14. h3 Bh5 15.
Nb3 Bxb2 16. Qxb2 Bg6 17. Be2 b6 18. Rfc1 Ne4 19. Qd4 b5 20. a4 a6 21. Ra3 Ng5
22. Rca1 Qb7 23. Na5 Qc7 24. axb5 axb5 25. Qf4 Qxf4 26. exf4 Ne6 27. Nxc6 Rxa3
28. Rxa3 Nxf4 29. Bxb5 Re8 30. Ne7+ 1-0

[Event "Hoogeveen Open"]
[Site "Hoogeveen, Netherlands"]
[Date "2016.10.17"]
[Round "3.33"]
[White "Den Dunnen, Lola"]
[Black "Cornelisse, John"]
[Result "0-1"]
[WhiteElo "1890"]
[BlackElo "2131"]
[PlyCount "120"]
[EventDate "2016.??.??"]

1. d4 Nf6 2. c4 e6 3. Nc3 Bb4 4. e3 b6 5. Nge2 c5 6. a3 Ba5 7. Rb1 Na6 8. g3
Bb7 9. d5 b5 10. Bg2 bxc4 11. O-O Qc8 12. Nb5 Bc7 13. e4 O-O 14. Bg5 Ng4 15.
Be7 Re8 16. Bd6 Bb8 17. h3 Nf6 18. Nec3 Nc7 19. Nxc7 Bxc7 20. e5 Bxd6 21. exd6
Qb8 22. Nb5 Nxd5 23. Bxd5 Bxd5 24. Nc7 Qb7 25. Nxa8 Rxa8 26. f4 Qb6 27. f5 Qxd6
28. Qe1 Rb8 29. f6 Ba8 30. Kh2 Rb3 31. Qf2 Rd3 32. Rbe1 Rf3 33. Qg2 Qc6 34.
Rxf3 Qxf3 35. Qxf3 Bxf3 36. Re3 Bd1 37. Re5 d6 38. Re1 Bb3 39. fxg7 Kxg7 40.
Kg2 d5 41. Kf2 Kf6 42. Ke3 e5 43. Rf1+ Ke6 44. g4 d4+ 45. Ke4 Bc2+ 46. Kf3 e4+
47. Kf4 e3 48. Re1 Kd5 49. g5 Bg6 50. h4 a5 51. a4 Bc2 52. h5 Be4 53. Rd1 e2
54. Re1 Bd3 55. Rc1 Bc2 56. Re1 Bd1 57. Rg1 c3 58. bxc3 dxc3 59. Ke3 Kc4 60.
Rh1 Kb3 0-1

[Event "Hoogeveen Open"]
[Site "Hoogeveen, Netherlands"]
[Date "2016.10.17"]
[Round "3.34"]
[White "Van Randtwijk, Mick"]
[Black "Hendriks, Richard"]
[Result "1-0"]
[WhiteElo "1932"]
[BlackElo "2122"]
[PlyCount "73"]
[EventDate "2016.??.??"]

1. e4 e5 2. Nf3 Nc6 3. Bb5 f5 4. d3 fxe4 5. dxe4 Nf6 6. O-O Bc5 7. Bxc6 bxc6 8.
Nxe5 O-O 9. Nc3 Qe8 10. Nd3 Bd4 11. Re1 d6 12. Ne2 Bb6 13. Ng3 Qg6 14. Be3 Ng4
15. Bxb6 axb6 16. e5 Ba6 17. exd6 cxd6 18. f3 Nh6 19. Nb4 Bb7 20. Re7 Rab8 21.
Qd2 Nf7 22. Rae1 Ne5 23. f4 Qh6 24. Nd3 Ng4 25. h3 Qh4 26. Qc3 Ne5 27. Nxe5
Qxe7 28. Nxc6 Qf7 29. Re7 Qg6 30. Nxb8 Rc8 31. Qb3+ Kh8 32. Rxb7 Rxc2 33. Nd7
Rc8 34. Nxb6 Rg8 35. Nd5 h5 36. Ne7 Qb1+ 37. Kh2 1-0

[Event "Hoogeveen Open"]
[Site "Hoogeveen, Netherlands"]
[Date "2016.10.17"]
[Round "3.35"]
[White "Elgersma, Simon"]
[Black "Pieters, Minko"]
[Result "1-0"]
[WhiteElo "2084"]
[BlackElo "1954"]
[PlyCount "86"]
[EventDate "2016.??.??"]

1. e4 c5 2. Nf3 d6 3. d4 cxd4 4. Nxd4 Nf6 5. Nc3 a6 6. h3 Nc6 7. g4 e6 8. g5
Nd7 9. h4 Nde5 10. Nb3 b5 11. a3 Bb7 12. f4 Nc4 13. Bxc4 bxc4 14. Nd4 Qc7 15.
Be3 Rd8 16. h5 Nb8 17. Qg4 d5 18. e5 Nc6 19. O-O-O Nxd4 20. Bxd4 Bc5 21. Bxc5
Qxc5 22. g6 Qe7 23. h6 fxg6 24. hxg7 Qxg7 25. Qxe6+ Qe7 26. Qxe7+ Kxe7 27. Rd4
h5 28. Kd2 h4 29. Ke3 Ke6 30. Ne2 Rh5 31. c3 Bc6 32. Ng1 g5 33. fxg5 Rxg5 34.
Nf3 Rg3 35. Rhxh4 Rdg8 36. Rh6+ R8g6 37. Rxg6+ Rxg6 38. Rf4 Be8 39. Kd4 Rg2 40.
Rf6+ Ke7 41. Kxd5 Bf7+ 42. Kc5 Rxb2 43. Nd4 Rg2 1-0

[Event "Hoogeveen Open"]
[Site "Hoogeveen, Netherlands"]
[Date "2016.10.17"]
[Round "3.36"]
[White "Vroombout, Enrico"]
[Black "Klomp, Robert"]
[Result "1-0"]
[WhiteElo "2190"]
[BlackElo "2097"]
[PlyCount "57"]
[EventDate "2016.??.??"]

1. e4 e6 2. d4 d5 3. Nc3 Bb4 4. e5 c5 5. a3 Bxc3+ 6. bxc3 Ne7 7. a4 Qa5 8. Bd2
c4 9. g3 Bd7 10. Bh3 Nbc6 11. Ne2 O-O-O 12. Nf4 g6 13. O-O Rdg8 14. Qe2 Nd8 15.
Rfb1 h5 16. Bg2 Nf5 17. Nh3 Rf8 18. Qe1 h4 19. g4 Nh6 20. f3 Ng8 21. Bg5 a6 22.
Nf4 Nc6 23. h3 Rh7 24. Ne2 f6 25. exf6 Nxf6 26. Bxh4 e5 27. dxe5 Nxe5 28. Bf2
Re7 29. Bb6 1-0

[Event "Hoogeveen Open"]
[Site "Hoogeveen, Netherlands"]
[Date "2016.10.17"]
[Round "3.37"]
[White "Hilwerda, Jonas"]
[Black "Schoehuijs, Erik"]
[Result "0-1"]
[WhiteElo "2013"]
[BlackElo "2169"]
[PlyCount "78"]
[EventDate "2016.??.??"]

1. e4 e5 2. Nf3 Nc6 3. Nc3 Nf6 4. Bb5 Bc5 5. Nxe5 Nxe5 6. d4 Bd6 7. f4 Neg4 8.
e5 Bb4 9. exf6 Nxf6 10. O-O O-O 11. Bd3 d5 12. f5 h6 13. Qf3 c5 14. dxc5 Bxc5+
15. Kh1 Re8 16. g4 Bd7 17. Bb5 d4 18. Bxd7 Qxd7 19. Ne2 Qc6 20. Qxc6 bxc6 21.
Nf4 Nxg4 22. Rg1 Nf2+ 23. Kg2 d3 24. cxd3 Rad8 25. b4 Bb6 26. Rf1 Nxd3 27. Kf3
Nxb4 28. f6 g5 29. Nh5 Rd3+ 30. Kg4 Re4+ 31. Bf4 gxf4 32. Kf5 Rc4 33. Nxf4 Rc5+
34. Ke4 Rd2 35. h4 Rc4+ 36. Kf5 Nd5 37. Rg1+ Bxg1 38. Rxg1+ Kf8 39. Nh5 Rxh4
0-1

[Event "Hoogeveen Open"]
[Site "Hoogeveen, Netherlands"]
[Date "2016.10.17"]
[Round "3.38"]
[White "De Boer, Bas"]
[Black "De Boer, Eelke"]
[Result "0-1"]
[WhiteElo "2149"]
[BlackElo "2018"]
[PlyCount "52"]
[EventDate "2016.??.??"]

1. d4 Nf6 2. c4 g6 3. g3 Bg7 4. Bg2 O-O 5. Nc3 d6 6. Nf3 Nc6 7. O-O Rb8 8. e4
a6 9. h3 b5 10. cxb5 axb5 11. e5 Nd7 12. Ng5 dxe5 13. Bxc6 exd4 14. Nxb5 Rb6
15. Na7 Ba6 16. Re1 Ne5 17. Bg2 h6 18. Ne4 Nd3 19. Nc5 Nxc5 20. Nc6 Rxc6 21.
Bxc6 Nd3 22. Rf1 Qd6 23. Bg2 Nxc1 24. Rxc1 Bxf1 25. Rc6 Qd7 26. Qxf1 d3 0-1

[Event "Hoogeveen Open"]
[Site "Hoogeveen, Netherlands"]
[Date "2016.10.17"]
[Round "3.39"]
[White "Boersma, Jan"]
[Black "Mesman, Edwyn"]
[Result "1/2-1/2"]
[WhiteElo "2099"]
[BlackElo "1979"]
[PlyCount "21"]
[EventDate "2016.??.??"]

1. Nc3 c5 2. e4 Nc6 3. Nge2 g6 4. d4 cxd4 5. Nxd4 Bg7 6. Be3 d6 7. Be2 Nf6 8.
O-O O-O 9. Qd2 d5 10. Nxc6 bxc6 11. Rad1 1/2-1/2

[Event "Hoogeveen Open 2016"]
[Site "Hoogeveen"]
[Date "2016.10.18"]
[Round "4.1"]
[White "Gupta, Abhijeet"]
[Black "Werle, Jan"]
[Result "1-0"]
[BlackElo "2555"]
[WhiteElo "2626"]
[LiveChessVersion "1.4.8"]

1. d4 {[%clk 1:30:55]} Nf6 {[%clk 1:30:39]} 2. c4 {[%clk 1:31:19]} e6
{[%clk 1:31:02]} 3. Nf3 {[%clk 1:31:35]} d5 {[%clk 1:31:06]} 4. Nc3
{[%clk 1:31:04]} Bb4 {[%clk 1:30:57]} 5. Qa4+ {[%clk 1:30:10]} Nc6
{[%clk 1:31:09]} 6. e3 {[%clk 1:30:34]} O-O {[%clk 1:29:15]} 7. Qc2
{[%clk 1:30:54]} Bd7 {[%clk 1:24:55]} 8. Bd2 {[%clk 1:28:22]} dxc4
{[%clk 1:12:09]} 9. Bxc4 {[%clk 1:28:46]} Bd6 {[%clk 1:11:41]} 10. h3
{[%clk 1:22:18]} e5 {[%clk 1:04:11]} 11. O-O-O {[%clk 1:11:42]} exd4
{[%clk 1:03:00]} 12. exd4 {[%clk 1:12:08]} Nb4 {[%clk 1:01:36]} 13. Qb3
{[%clk 1:12:25]} b5 {[%clk 0:38:51]} 14. Nxb5 {[%clk 1:11:33]} Rb8
{[%clk 0:37:29]} 15. Bxb4 {[%clk 0:57:11]} Bxb5 {[%clk 0:37:21]} 16. Bc3
{[%clk 0:56:02]} c6 {[%clk 0:32:29]} 17. Ne5 {[%clk 0:49:25]} Nd5
{[%clk 0:30:35]} 18. Bxd5 {[%clk 0:39:33]} cxd5 {[%clk 0:30:35]} 19. Qxd5
{[%clk 0:39:40]} Qc7 {[%clk 0:29:47]} 20. Rhe1 {[%clk 0:38:19]} Ba3
{[%clk 0:17:34]} 21. Qb3 {[%clk 0:36:32]} Bxb2+ {[%clk 0:14:41]} 22. Qxb2
{[%clk 0:36:47]} Ba4 {[%clk 0:12:17]} 23. Qa3 {[%clk 0:32:43]} Bxd1
{[%clk 0:12:42]} 24. Rxd1 {[%clk 0:29:32]} Rfc8 {[%clk 0:13:01]} 25. Kd2
{[%clk 0:28:32]} f6 {[%clk 0:11:34]} 26. Nd3 {[%clk 0:28:47]} Qc4
{[%clk 0:11:18]} 27. Rc1 {[%clk 0:25:49]} Qd5 {[%clk 0:10:33]} 28. Nf4
{[%clk 0:23:36]} Qf5 {[%clk 0:06:31]} 29. Qd6 {[%clk 0:22:32]} Kh8
{[%clk 0:06:44]} 30. g3 {[%clk 0:21:20]} Qb5 {[%clk 0:05:43]} 31. Qd5
{[%clk 0:16:39]} Qa6 {[%clk 0:05:08]} 32. Ne6 {[%clk 0:13:03]} Re8
{[%clk 0:02:24]} 33. Re1 {[%clk 0:13:21]} Qa3 {[%clk 0:02:11]} 34. Qc4
{[%clk 0:07:46]} h6 {[%clk 0:01:31]} 35. f4 {[%clk 0:05:31]} f5 {[%clk 0:01:19]}
36. g4 {[%clk 0:05:01]} Rec8 {[%clk 0:01:23]} 37. Nc5 {[%clk 0:04:42]} Rd8
{[%clk 0:01:30]} 38. gxf5 {[%clk 0:04:13]} Rbc8 {[%clk 0:01:49]} 39. Kc2
{[%clk 0:04:04]} 1-0

[Event "Hoogeveen Open 2016"]
[Site "Hoogeveen"]
[Date "2016.10.18"]
[Round "4.2"]
[White "Lalith Babu M R"]
[Black "Rathnakaran, K."]
[Result "1-0"]
[BlackElo "2469"]
[WhiteElo "2586"]
[LiveChessVersion "1.4.8"]

1. Nf3 {[%clk 1:30:57]} Nf6 {[%clk 1:30:52]} 2. c4 {[%clk 1:31:23]} g6
{[%clk 1:31:07]} 3. Nc3 {[%clk 1:31:49]} Bg7 {[%clk 1:31:26]} 4. d4
{[%clk 1:32:14]} O-O {[%clk 1:31:36]} 5. e4 {[%clk 1:32:36]} d6 {[%clk 1:31:51]}
6. h3 {[%clk 1:32:15]} Na6 {[%clk 1:30:32]} 7. Bg5 {[%clk 1:31:10]} c6
{[%clk 1:30:47]} 8. Be2 {[%clk 1:26:04]} e5 {[%clk 1:30:34]} 9. d5
{[%clk 1:25:46]} h6 {[%clk 1:29:31]} 10. Be3 {[%clk 1:25:29]} cxd5
{[%clk 1:28:37]} 11. cxd5 {[%clk 1:25:40]} Nh5 {[%clk 1:28:14]} 12. Qd2
{[%clk 1:10:13]} Kh7 {[%clk 1:26:39]} 13. O-O {[%clk 1:08:22]} f5
{[%clk 1:23:25]} 14. exf5 {[%clk 0:58:21]} gxf5 {[%clk 1:23:24]} 15. Ne1
{[%clk 0:58:44]} Nf6 {[%clk 1:11:57]} 16. f4 {[%clk 0:58:51]} Bd7
{[%clk 1:08:44]} 17. Nd3 {[%clk 0:52:56]} Qe8 {[%clk 1:00:28]} 18. fxe5
{[%clk 0:46:54]} dxe5 {[%clk 1:00:39]} 19. Rae1 {[%clk 0:47:21]} Rg8
{[%clk 0:55:55]} 20. Nxe5 {[%clk 0:41:04]} Ne4 {[%clk 0:44:26]} 21. Nxe4
{[%clk 0:41:08]} Bxe5 {[%clk 0:44:36]} 22. Nc3 {[%clk 0:29:56]} Qg6
{[%clk 0:40:24]} 23. Bd3 {[%clk 0:28:45]} Rae8 {[%clk 0:34:41]} 24. Kh1
{[%clk 0:22:51]} Qg3 {[%clk 0:11:52]} 25. Bg1 {[%clk 0:23:15]} Bf4
{[%clk 0:03:56]} 26. Qf2 {[%clk 0:23:30]} Rxe1 {[%clk 0:04:16]} 27. Rxe1
{[%clk 0:23:57]} Qg5 {[%clk 0:04:35]} 28. h4 {[%clk 0:22:12]} Qg7
{[%clk 0:04:55]} 29. Re2 {[%clk 0:22:01]} Bg3 {[%clk 0:04:00]} 30. Qd4
{[%clk 0:20:59]} Qf7 {[%clk 0:03:12]} 31. d6 {[%clk 0:20:43]} Re8
{[%clk 0:01:36]} 32. Nd5 {[%clk 0:20:54]} Rxe2 {[%clk 0:01:26]} 33. Bxe2
{[%clk 0:21:21]} Qe6 {[%clk 0:00:43]} 34. Nf6+ {[%clk 0:21:32]} Kg6
{[%clk 0:00:51]} 35. Bh5+ {[%clk 0:21:50]} 1-0

[Event "Hoogeveen Open 2016"]
[Site "Hoogeveen"]
[Date "2016.10.18"]
[Round "4.3"]
[White "Shyam, Sundar M."]
[Black "Rakesh Kumar Jena"]
[Result "1-0"]
[BlackElo "2247"]
[WhiteElo "2552"]
[LiveChessVersion "1.4.8"]

1. c4 {[%clk 1:30:49]} Nf6 {[%clk 1:30:47]} 2. Nf3 {[%clk 1:30:41]} c6
{[%clk 1:31:07]} 3. b3 {[%clk 1:30:33]} g6 {[%clk 1:30:38]} 4. Bb2
{[%clk 1:30:54]} Bg7 {[%clk 1:31:02]} 5. g3 {[%clk 1:30:50]} O-O {[%clk 1:31:25]}
6. Bg2 {[%clk 1:31:19]} d5 {[%clk 1:31:45]} 7. d3 {[%clk 1:30:52]} Bg4
{[%clk 1:26:24]} 8. Nbd2 {[%clk 1:31:06]} Nbd7 {[%clk 1:26:12]} 9. O-O
{[%clk 1:31:09]} Re8 {[%clk 1:25:38]} 10. h3 {[%clk 1:30:00]} Bxf3
{[%clk 1:25:38]} 11. Nxf3 {[%clk 1:30:20]} e5 {[%clk 1:22:47]} 12. cxd5
{[%clk 1:26:38]} Nxd5 {[%clk 1:18:50]} 13. Nd2 {[%clk 1:22:54]} e4
{[%clk 1:17:41]} 14. Bxg7 {[%clk 1:22:23]} exd3 {[%clk 1:18:03]} 15. e4
{[%clk 1:22:27]} 1-0

[Event "Hoogeveen Open 2016"]
[Site "Hoogeveen"]
[Date "2016.10.18"]
[Round "4.4"]
[White "Van Foreest, Lucas"]
[Black "Ernst, Sipke"]
[Result "1/2-1/2"]
[BlackElo "2540"]
[WhiteElo "2350"]
[LiveChessVersion "1.4.8"]

1. e4 e5 {[%clk 1:30:55]} 2. Nf3 {[%clk 1:31:24]} Nc6 {[%clk 1:31:22]} 3. Bc4
{[%clk 1:31:46]} Nf6 {[%clk 1:31:49]} 4. d3 {[%clk 1:32:11]} h6 {[%clk 1:32:09]}
5. O-O {[%clk 1:31:39]} d6 {[%clk 1:32:26]} 6. c3 {[%clk 1:29:05]} g6
{[%clk 1:32:11]} 7. Re1 {[%clk 1:29:32]} Bg7 {[%clk 1:32:34]} 8. d4
{[%clk 1:28:14]} Bg4 {[%clk 1:19:36]} 9. Qb3 {[%clk 1:18:05]} O-O
{[%clk 1:19:58]} 10. dxe5 {[%clk 1:12:29]} Nd7 {[%clk 1:07:07]} 11. Bxf7+
{[%clk 0:56:02]} Kh8 {[%clk 1:07:05]} 12. e6 {[%clk 0:41:05]} Bxf3
{[%clk 0:56:52]} 13. gxf3 {[%clk 0:39:51]} Nce5 {[%clk 0:49:14]} 14. Qd1
{[%clk 0:34:18]} Nxf7 {[%clk 0:44:10]} 15. exd7 {[%clk 0:31:49]} Ng5
{[%clk 0:43:23]} 16. Bxg5 {[%clk 0:30:59]} Qxg5+ {[%clk 0:42:44]} 17. Kh1
{[%clk 0:31:07]} Rad8 {[%clk 0:26:42]} 18. Rg1 {[%clk 0:31:14]} Qh5
{[%clk 0:21:34]} 19. Nd2 {[%clk 0:31:23]} Rxd7 {[%clk 0:21:51]} 20. f4
{[%clk 0:19:13]} Qxd1 {[%clk 0:21:53]} 21. Raxd1 {[%clk 0:19:40]} Rxf4
{[%clk 0:21:24]} 22. f3 {[%clk 0:20:06]} Kh7 {[%clk 0:19:17]} 23. Kg2
{[%clk 0:19:36]} Rdf7 {[%clk 0:17:54]} 24. h3 {[%clk 0:17:25]} b5
{[%clk 0:12:59]} 25. Rgf1 {[%clk 0:15:55]} Re7 {[%clk 0:13:00]} 26. a4
{[%clk 0:15:55]} Re5 {[%clk 0:11:02]} 27. Ra1 {[%clk 0:12:05]} Rg5+
{[%clk 0:08:06]} 28. Kf2 {[%clk 0:12:31]} b4 {[%clk 0:08:17]} 29. cxb4
{[%clk 0:12:29]} Bxb2 {[%clk 0:08:33]} 30. Rab1 {[%clk 0:11:04]} Bc3
{[%clk 0:06:41]} 31. Rfc1 {[%clk 0:10:08]} Bxd2 {[%clk 0:05:37]} 32. Rxc7+
{[%clk 0:10:34]} Kg8 {[%clk 0:06:04]} 33. Rb2 {[%clk 0:05:22]} Be1+
{[%clk 0:03:14]} 34. Kxe1 {[%clk 0:05:48]} Rxf3 {[%clk 0:03:43]} 35. Rf2
{[%clk 0:04:58]} Re3+ {[%clk 0:02:09]} 36. Kf1 {[%clk 0:03:42]} Rxe4
{[%clk 0:02:05]} 37. Rc8+ {[%clk 0:02:45]} Kg7 {[%clk 0:02:31]} 38. Rc7+
{[%clk 0:03:06]} Kg8 {[%clk 0:02:59]} 39. Rc8+ 1/2-1/2

[Event "Hoogeveen Open 2016"]
[Site "Hoogeveen"]
[Date "2016.10.18"]
[Round "4.5"]
[White "Nitin, S."]
[Black "Vrolijk, Liam"]
[Result "1-0"]
[BlackElo "2265"]
[WhiteElo "2410"]
[LiveChessVersion "1.4.8"]

1. e4 {[%clk 1:30:26]} e6 {[%clk 1:30:52]} 2. d4 {[%clk 1:30:49]} d5
{[%clk 1:31:20]} 3. Nc3 {[%clk 1:31:11]} Nf6 {[%clk 1:31:42]} 4. Bg5
{[%clk 1:31:35]} dxe4 {[%clk 1:32:06]} 5. Nxe4 {[%clk 1:31:58]} Be7
{[%clk 1:32:29]} 6. Bxf6 {[%clk 1:32:22]} gxf6 {[%clk 1:32:54]} 7. Nf3
{[%clk 1:31:00]} f5 {[%clk 1:33:14]} 8. Nc3 {[%clk 1:29:30]} a6 {[%clk 1:33:27]}
9. Qd2 {[%clk 1:26:23]} b5 {[%clk 1:28:55]} 10. O-O-O {[%clk 1:20:40]} Bb7
{[%clk 1:26:24]} 11. Kb1 {[%clk 1:20:33]} Qd6 {[%clk 1:19:28]} 12. Qe1
{[%clk 1:10:10]} b4 {[%clk 0:54:22]} 13. Ne2 {[%clk 0:57:17]} Nd7
{[%clk 0:53:50]} 14. Nc1 {[%clk 0:57:34]} O-O-O {[%clk 0:49:37]} 15. Nb3
{[%clk 0:57:10]} Qb6 {[%clk 0:42:25]} 16. Nfd2 {[%clk 0:57:16]} c5
{[%clk 0:40:01]} 17. Nc4 {[%clk 0:56:01]} Qc7 {[%clk 0:38:20]} 18. Nca5
{[%clk 0:52:36]} cxd4 {[%clk 0:36:38]} 19. Rxd4 {[%clk 0:47:09]} Nb6
{[%clk 0:36:21]} 20. Nxb7 {[%clk 0:47:28]} Kxb7 {[%clk 0:35:00]} 21. g3
{[%clk 0:38:14]} Rxd4 {[%clk 0:28:07]} 22. Nxd4 {[%clk 0:36:58]} Qc5
{[%clk 0:23:41]} 23. Bg2+ {[%clk 0:34:47]} Kc7 {[%clk 0:24:03]} 24. Nb3
{[%clk 0:34:39]} Qb5 {[%clk 0:22:44]} 25. Qe3 {[%clk 0:30:14]} Rd8
{[%clk 0:20:33]} 26. c4 {[%clk 0:30:19]} Nxc4 {[%clk 0:10:11]} 27. Qa7+
{[%clk 0:29:47]} Kd6 {[%clk 0:10:35]} 28. Rd1+ {[%clk 0:29:00]} Ke5
{[%clk 0:11:00]} 29. Rxd8 {[%clk 0:29:17]} Bxd8 {[%clk 0:11:07]} 30. Qd4#
{[%clk 0:29:41]} 1-0

[Event "Hoogeveen Open 2016"]
[Site "Hoogeveen"]
[Date "2016.10.18"]
[Round "4.6"]
[White "Schoppen, Casper"]
[Black "Sandipan, Chanda"]
[Result "1/2-1/2"]
[BlackElo "2593"]
[WhiteElo "2304"]
[LiveChessVersion "1.4.8"]

1. d4 {[%clk 1:30:57]} d5 {[%clk 1:30:22]} 2. c4 {[%clk 1:31:19]} c6
{[%clk 1:30:23]} 3. Nf3 {[%clk 1:31:42]} Nf6 {[%clk 1:30:42]} 4. Qc2
{[%clk 1:32:00]} dxc4 {[%clk 1:30:33]} 5. Qxc4 {[%clk 1:32:23]} Bg4
{[%clk 1:30:53]} 6. Nbd2 {[%clk 1:32:43]} Nbd7 {[%clk 1:30:55]} 7. g3
{[%clk 1:33:03]} e6 {[%clk 1:31:13]} 8. Bg2 {[%clk 1:33:26]} Be7 {[%clk 1:31:34]}
9. O-O {[%clk 1:33:49]} O-O {[%clk 1:31:56]} 10. Qb3 {[%clk 1:34:11]} Qb6
{[%clk 1:31:40]} 11. Nc4 {[%clk 1:34:33]} Qa6 {[%clk 1:31:51]} 12. Bd2
{[%clk 1:34:49]} Nb6 {[%clk 1:29:58]} 13. Rfc1 {[%clk 1:35:09]} Ne4
{[%clk 1:29:26]} 14. Be1 {[%clk 1:35:14]} Nxc4 {[%clk 1:28:47]} 15. Rxc4
{[%clk 1:35:25]} Nd6 {[%clk 1:28:29]} 16. Ra4 {[%clk 1:35:46]} Qb6
{[%clk 1:23:56]} 17. Bb4 {[%clk 1:35:12]} Rfe8 {[%clk 1:17:56]} 18. e3
{[%clk 1:28:06]} Bxf3 {[%clk 1:12:39]} 19. Bxf3 {[%clk 1:28:24]} Qc7
{[%clk 1:12:11]} 20. Rc1 {[%clk 1:12:55]} a5 {[%clk 1:08:19]} 21. Bxd6
{[%clk 1:10:40]} Bxd6 {[%clk 1:08:39]} 22. Rac4 {[%clk 1:10:49]} Qe7
{[%clk 1:04:11]} 1/2-1/2